000
00291nam a22001337a 4500
008
170316b xxu||||| |||| 00| 0 eng d
020
_a
0750695013
041
_a
eng
080
_a
616.8
100
_a
7
101
_a
SHM
245
_a
ETHICAL ISSUES NEUROLOGY
_c
BERNAT.J.L
942
_2
udc
_c
BK
999
_c
8011
_d
8011